Statistics for Double E Vocabulary Words

Click here to take the quiz!

General Stats

  • This quiz has been taken 191 times
  • The average score is 11 of 20

Answer Stats

definitionword% Correct
India's currencyrupee
93%
what an insomniac struggles to beasleep
88%
Christ the ________, a famous statueredeemer
79%
inexpensive sound a baby bird makes?cheep
76%
a Deadly Singreed
72%
one-wheeled gardening cartwheelbarrow
72%
children's playground itemseesaw
69%
fight among several peoplemêlée
60%
one who sees the futureseer
54%
foil, sabre, ____épée
53%
small streamcreek
49%
yeast-flavoured malt-based drinkbeer
47%
trois + IV + sietefourteen
47%
thin layer of fine wood overlaying rough woodveneer
45%
to be more thanexceed
39%
anniversary celebrationjubilee
35%
fin-like boat bottomkeel
34%
northern Israeli region with a namesake lakeGalilee
33%
member of British nobilitypeer
29%
small cute South African mongoosemeerkat
25%

Score Distribution

Percentile by Number Answered

Percent of People with Each Score

Your Score History

You have not taken this quiz